Work-related stressors and health-related outcomes in public service: examining the role of public service motivation (Record no. 110142)

000 -LEADER
fixed length control field 01527pab a2200193 454500
008 - FIXED-LENGTH DATA ELEMENTS--GENERAL INFORMATION
fixed length control field 180718b2015 xxu||||| |||| 00| 0 eng d
100 ## - MAIN ENTRY--PERSONAL NAME
Personal name Liu, Bangcheng
245 ## - TITLE STATEMENT
Title Work-related stressors and health-related outcomes in public service: examining the role of public service motivation
260 ## - PUBLICATION, DISTRIBUTION, ETC.
Date of publication, distribution, etc. 2015
300 ## - PHYSICAL DESCRIPTION
Extent p.653-673.
362 ## - DATES OF PUBLICATION AND/OR SEQUENTIAL DESIGNATION
Dates of publication and/or sequential designation Nov
520 ## - SUMMARY, ETC.
Summary, etc. While business and psychology researchers have strived to identify effective strategies to reduce occupational stress, public administration scholars have paid insufficient attention to this issue. This article examines the role of motivational bases in the stressor wellbeing relationship, a nascent research area in business and psychology, focusing on a particular type of motivation that is salient in public organizations: public service motivation (PSM). Based on a survey of 412 police officers from a large metropolitan city in eastern China, this study finds that PSM moderates the relationship between work stressors and individual wellbeing. Respondents with higher levels of PSM can better handle the increase of stressors so that their physical and mental wellbeing will decrease more slowly. Overall, respondents with higher levels of PSM tend to experience higher mental wellbeing but lower physical wellbeing than their low-PSM colleagues. - Reproduced.
650 ## - SUBJECT ADDED ENTRY--TOPICAL TERM
Topical term or geographic name entry element Occupational diseases
650 ## - SUBJECT ADDED ENTRY--TOPICAL TERM
Topical term or geographic name entry element Motivation
700 ## - ADDED ENTRY--PERSONAL NAME
Personal name Yu, Wei
700 ## - ADDED ENTRY--PERSONAL NAME
Personal name Yang, Kaifeng
773 ## - HOST ITEM ENTRY
Main entry heading American Review of Public Administration
909 ## -
-- 110147
Holdings
Withdrawn status Lost status Damaged status Not for loan Permanent Location Current Location Date acquired Serial Enumeration / chronology Barcode Date last seen Price effective from Koha item type
        Indian Institute of Public Administration Indian Institute of Public Administration 2018-07-19 Volume no: 45, Issue no: 6 AR110607 2018-07-19 2018-07-19 Articles

Powered by Koha